000
00320nam a2200157Ia 4500
100
_a
Ballaney/P.L
250
_a
18
942
_c
BK
654
_a
Machines
245
_a
Theory Of Machines
260
_b
Khanna publishers
_a
NONE
_c
1992
082
_a
621.8
_b
BAL
300
_a
1484
546
_a
ENGLISH
999
_c
28440
_d
28440